00936nam a2200277 a 450000100060000000300080000600500170001400800410003102000350007202000290010703500190013604000350015504100080019008200240019824501120022226000500033430000340038449000360041850400520045465000280050665000240053470000240055870000210058270000200060383000350062370595BD-RjUL20211209082023.0170418s1995 caua b 001 0 eng d a0125641524c(hardcover; v. 50) a0122738721 (comb; v. 50) a(BD-RjUL)70809 aBD-RjULbengcBD-RjULdBD-RjUL aeng 223a571.6bMET 199500aMethods in plant cell biology :bpart-B /cedited by David W. Galbraith, Hans J. Bohnert and Don P. Bourque aSan Diego ;aLondon :bAcademic Press,cc1995 axxii, 555 p. :bill. ;c23 cm1 aMethods in cell biology ;vV.50 aIncludes bibliographical references and indexes 0aPlant cells and tissues 0aPlant cytochemistry1 aGalbraith, David W.1 aBohnert, Hans J.1 aBourque, Don P. 0aMethods in cell biology,vV.50